000 00432nam a2200193Ia 4500
005 20240823025452.0
008 240823s9999||||xx |||||||||||||| ||und||
020 _a978-81-8348-269-1
041 _aENGLISH
082 _A418 P9
100 _aAjay Singh
245 0 _aCollocate your world
250 _a1st
260 _c2009
_bArihant Publica
500 _aYES
650 _aWorld
_bGeneral
942 _cBK
999 _c186392
_d186392